000 00338nam a2200145Ia 4500
008 150201s2002 xx 000 0 und d
082 _a610
_bO2002C
100 _aCYRIAX,JAMES
245 _aTEXT BOOK OF ORTHOPADIC MEDICINE
250 _a8TH
260 _bAITBS
_aDELHI
_c2002
300 _a1-502
650 _aMEDICINE
942 _2ddc
_cBK
999 _c2991
_d2991